| 000 -LEADER |
| fixed length control field |
00674cam a2200193 a 4500 |
| 020 ## - INTERNATIONAL STANDARD BOOK NUMBER |
| ISBN |
0642456801 |
| 020 ## - INTERNATIONAL STANDARD BOOK NUMBER |
| ISBN |
9780642456809 |
| 040 ## - CATALOGING SOURCE |
| Transcribing agency |
AGL |
| 082 ## - DEWEY DECIMAL CLASSIFICATION NUMBER |
| Classification number |
333 AUS 2000 A015 Or. |
| 245 00 - TITLE STATEMENT |
| Title |
Soil conservation technologies for smallholder farming systems in the Philippine uplands : |
| Remainder of title |
a socioeconomic evaluation / |
| 260 ## - PUBLICATION, DISTRIBUTION, ETC. (IMPRINT) |
| Place of publication |
Canberra : |
| Name of publisher |
Australian Centre for International Agricultural Research, |
| Year of publication |
2000. |
| 300 ## - PHYSICAL DESCRIPTION |
| Number of Pages |
228 p. : |
| Other physical details |
ill., map ; |
| Dimensions |
24 cm. |
| 490 1# - SERIES STATEMENT |
| Series statement |
ACIAR monograph series ; |
| 650 #0 - SUBJECT ADDED ENTRY--TOPICAL TERM |
| Topical Term |
Soil conservation |
| 650 #0 - SUBJECT ADDED ENTRY--TOPICAL TERM |
| Topical Term |
Farms, Small |
| 700 1# - ADDED ENTRY--PERSONAL NAME |
| Personal name |
Cramb, R. A. |
| 710 2# - ADDED ENTRY--CORPORATE NAME |
| Corporate name or jurisdiction name as entry element |
Australian Centre for International Agricultural Research. |
| 942 ## - ADDED ENTRY ELEMENTS (KOHA) |
| Koha item type |
សៀវភៅភាសាអង់គ្លេស |
| 952 ## - LOCATION AND ITEM INFORMATION (KOHA) |
| Withdrawn status [LOCAL, KOHA] |
0 |
| 952 ## - LOCATION AND ITEM INFORMATION (KOHA) |
| Withdrawn status [LOCAL, KOHA] |
0 |